| 000 | 01748cam a2200361 i 4500 | ||
|---|---|---|---|
| 001 | 10748076 | ||
| 005 | 20170105102420.0 | ||
| 006 | m d | ||
| 007 | cr n | ||
| 008 | 131108s2013 enkao s 001 0 eng d | ||
| 020 | _a9781782161448 | ||
| 020 | _a9781782161455 (ebook) | ||
| 035 | _a(WaSeSS)ssj0001139746 | ||
| 040 |
_aCaPaEBR _beng _erda _epn _cCaPaEBR _dWaSeSS |
||
| 050 | 4 |
_aTJ211.45 _b.M378 2013eb |
|
| 082 | 0 | 4 |
_a629.89251 MAR _223 |
| 100 | 1 | _aMartinez, Aaron. | |
| 210 | 1 | 0 | _aLearning ROS for robotics programming : |
| 245 | 1 | 0 |
_aLearning ROS for robotics programming : a practical, instructive, and comprehensive guide to introduce yourself to ROS, the top-notch, leading robotics framework _ba practical, instructive, and comprehensive guide to introduce yourself to ROS, the top-notch, leading robotics framework / _cAaron Martinez ; cover image by Duraid Fatouhi. |
| 260 |
_aBirmingham _bPacket _c2013 |
||
| 300 | _b312p. | ||
| 500 | _a"Community expertise distilled"--Cover. | ||
| 500 | _aIncludes index. | ||
| 506 | _aLicense restrictions may limit access. | ||
| 650 | 0 |
_aRobots _xProgramming. |
|
| 655 | 0 | _aElectronic books. | |
| 700 | 1 | _aFatouhi, Duraid. | |
| 773 | 0 | _tSafari Technical Books (Current File) | |
| 776 | 0 | 8 |
_iPrint version: _aMartinez, Aaron. _tLearning ROS for robotics programming : a practical, instructive, and comprehensive guide to introduce yourself to ROS, the top-notch, leading robotics framework. _dBermingham, England : Packt Publishing, c2013 _h312 pages _z9781782161448 |
| 856 | 4 | 0 |
_uhttp://www.columbia.edu/cgi-bin/cul/resolve?clio10748076 _zFull text available from Safari Technical Books (Current File) |
| 910 | _aVendor-generated brief record | ||
| 942 |
_2ddc _cBK |
||
| 999 |
_c13372 _d13372 |
||